ბათუმის შოთა რუსთაველის სახელმწიფო უნივერსიტეტის ბიბლიოთეკა

Психология обучения. №6. 2014. Июнь (ბიბ.ჩანაწერი № 43959)

000 -LEADER
fixed length control field 00452nam a2200169Ia 4500
001 - CONTROL NUMBER
control field 10708
003 - CONTROL NUMBER IDENTIFIER
control field GE_BSU
008 - FIXED-LENGTH DATA ELEMENTS--GENERAL INFORMATION
fixed length control field 181216s||||||||xx |||||||||||||| ||und||
040 ## - CATALOGING SOURCE
Transcribing agency GE_BSU
245 ## - TITLE STATEMENT
Title Психология обучения. №6. 2014. Июнь
245 ## - TITLE STATEMENT
Statement of responsibility, etc. Гл.ред.Бархаев Б.П.
260 ## - PUBLICATION, DISTRIBUTION, ETC.
Place of publication, distribution, etc. Москва
260 ## - PUBLICATION, DISTRIBUTION, ETC.
Date of publication, distribution, etc. 2014
300 ## - PHYSICAL DESCRIPTION
Extent 132стр.24см.
653 ## - INDEX TERM--UNCONTROLLED
Uncontrolled term Психология обучения.
942 ## - ADDED ENTRY ELEMENTS (KOHA)
Koha item type პერიოდიკა
ეგზემპლარები
Withdrawn status Lost status Damaged status Not for loan Date acquired Barcode Date last seen Price effective from Koha item type
        2018-12-17 р76374 2018-12-17 2018-12-17 პერიოდიკა